| 000 | 00953nas a2200313 4500 | ||
|---|---|---|---|
| 001 | BR9803573 | ||
| 003 | BR-BrBNA | ||
| 005 | 20231205100833.0 | ||
| 007 | ta | ||
| 008 | 230509b bl.|||p| |||| 00| 00por d | ||
| 040 |
_aBR-BrBNA _bpor _cBiblioteca Nacional de Agricultura |
||
| 041 | _a(Pt) | ||
| 072 | _aF30; H20 | ||
| 100 | 1 | _aSilva, S. dos A. e | |
| 100 | 1 | _aSousa, C.N.A. de | |
| 100 | 1 | _aSartori, J.F. | |
| 100 | 1 | _aMedeiros, M.C. | |
| 100 | 1 | _aLinhares, W.I. | |
| 100 | 1 | _aGomes, E.P. | |
| 245 | 1 | _aInformacoes sobre os genotipos do bloco de cruzamentos de trigo do CNPT em 1990 | |
| 650 | _aTrigo | ||
| 650 | _aMelhoramento Genetico Vegetal | ||
| 650 | _aVariedade | ||
| 650 | _aVariedade Resistente | ||
| 650 | _aGenotipo | ||
| 773 | 0 |
_tPesquisa Agropecuaria Brasileira (Brazil) _xISSN 0100-204X _g(May 1998), v. 33(Special number) p. 565-588 _wBR9803573 |
|
| 909 |
_a202311 _bLúcia _c55 _dLúcia Elande |
||
| 942 |
_2AGRIS _n0 _cANA |
||
| 999 |
_c158365 _d158365 |
||